000 00391nam a2200157Ia 4500
005 20250429041728.0
008 240331s9999 xx 000 0 und d
020 _a019013602X
082 _bDHA
_a294
100 _aDharmarajan,T
245 0 _aNaan poorva Bowuthan
260 _aMadurai
_bDr. Ambedlkar Cultural Academy ( DACA)
_c2003
300 _a96 p .,
650 _aReligion
942 _cL
999 _c1371
_d1371